000 01664nam a22003377a 4500
003 OSt
005 20260129161824.0
008 260129b |||||||| |||| 00| 0 eng d
020 _a9789584506290
037 _bDonación
040 _aCO-JMCR
_bspa
_cCO-JMCR
_dCO-JMCR
_erda
041 1 _aspa
_hger
082 0 4 _aC /
_bGROc
100 1 _aGrossmann-Hensel, Katharina,
_944490
245 1 0 _aCómo se enamoraron mamá y papá /
_ctexos e ilustraciones Katharina Grossman-Hensel ; traductora Olga Martín.
250 _aEdición Angela Cuartas Villalobos.
260 3 _aBogotá :
_bGrupo Editorial Norma,
_c2008.
300 _a[24 páginas] :
_bilustraciones ;
_c27 cm.
490 _aBuenas noches
500 _aIncluye biografía
520 3 _aLo único que tienen en común los papás del pequeño niño que presenta esta historia, es que se aman. A ella le gusta todo lo que tiene color, a él todo lo que no tiene color; ella es desordenada, él es ordenado; ella extraña el verano, él añora el invierno. Por eso, su hijo se pregunta: ¿Cómo se enamoraron? Esta historia, narrada con colores más que con palabras, intenta responder una pregunta que tal vez no tiene respuesta.
534 _pTítulo original :
_tWie mama und papa verliebte wurden.
546 _aTraducido del aleman
650 7 _aCuentos infantiles alemanes.
_2JMCR
_91508
650 7 _aPadres
_vCuentos infantiles.
_2JMCR
_944491
650 7 _aAmor
_vCuentos infantiles.
_2JMCR
_944492
650 7 _aLibros ilustrados para niños.
_2JMCR
700 1 _aMartín, Olga,
_etraductora.
_913314
700 1 _aCuartas Villalobos, Angela,
_d1982-
_eeditora
_944493
942 _2ddc
_cBK
999 _c31136
_d17520